000
00310nam a2200133Ia 4500
008
191201s2007 xx 000 0 und d
082
_a
658.8
_b
API
100
_a
APTE, P.G.
245
0
_a
International Financial Management
260
_a
N.Delhi
_b
TMH
_c
2007
300
_a
655
650
_a
MBA
942
_2
ddc
_c
BK
999
_c
3518
_d
3518